00714nam a2200241 a 4500001001300000003000900013005001700022008004100039020001000080082001600090100003100106245004200137260003000179300000800209500003500217505001000252650003300262700003100295902000800326942000700334952011600341999001500457nice12345678IN_TiNIC20260116012009.0050524s1931 luca grp 000 0 urd  ac10000a891.41bAKB aAllahabadi, S Akbar Husain aKuliyat-E-Akbar Allahabadi/ Part 1, 2 aLucknowbNami Pressc1931 a00p aincludes index and biblioraphy2 aIndex aUrdu-Poetry-akbar Allahabadi1 aAllahabadi, S Akbar Husain bSRS cBK 001040708StackRoom-aHMIbHMId2007-06-18g100.00l0o891.41 AKBp08336r2007-06-18v100.00w2005-05-24yBK c5213d5213